[Event "AUT-ch U14 Girls"]
[Site "St Veit"]
[Date "2022.04.13"]
[Round "6"]
[White "Doersieb, Bianca"]
[Black "Fabian, Julia"]
[Result "1/2-1/2"]
[WhiteElo "1127"]
[BlackElo "1160"]
[PlyCount "68"]
[EventDate "2022.04.10"]
[EventType "swiss"]
[EventRounds "6"]
[EventCountry "AUT"]
[SourceTitle "EXT 2023"]
[Source "ChessBase"]
[SourceDate "2022.10.05"]
[SourceVersion "1"]
[SourceVersionDate "2022.10.05"]
[SourceQuality "1"]

1. e4 e5 2. Nf3 Nc6 3. Bc4 Bc5 4. d3 Nf6 5. Bg5 d6 6. h3 h6 7. Bh4 Be6 8. 0-0 g5 9. Bxe6 fxe6 10. Bg3 Nh5 11. Kh2 Qd7 12. Nxe5 Nxe5 13. Qxh5+ Qf7 14. Qxf7+ Nxf7 15. Nc3 0-0-0 16. Na4 Bd4 17. c3 Be5 18. d4 Bxg3+ 19. fxg3 Rdf8 20. c4 e5 21. d5 b6 22. Rf6 Nd8 23. Raf1 Rxf6 24. Rxf6 Nb7 25. b4 Rh7 26. Kg1 Kd7 27. Rf8 Nd8 28. c5 Ke7 29. Rf2 Rf7 30. Rxf7+ Nxf7 31. c6 h5 32. Kf2 Nh6 33. Kf3 g4+ 34. Kf2 Kf6 1/2-1/2

[Event "AUT-ch U14 Girls"]
[Site "St Veit"]
[Date "2022.04.10"]
[Round "1"]
[White "Fabian, Julia"]
[Black "Kurjakovic, Amela"]
[Result "1/2-1/2"]
[WhiteElo "1160"]
[BlackElo "800"]
[PlyCount "85"]
[EventDate "2022.04.10"]
[EventType "swiss"]
[EventRounds "6"]
[EventCountry "AUT"]
[SourceTitle "EXT 2023"]
[Source "ChessBase"]
[SourceDate "2022.10.05"]
[SourceVersion "1"]
[SourceVersionDate "2022.10.05"]
[SourceQuality "1"]

1. e4 e5 2. Nf3 Nc6 3. Bc4 Be7 4. d3 d6 5. Nc3 Bd7 6. Nd5 Be6 7. Bd2 a6 8. h3 h6 9. 0-0 Nf6 10. Nxe7 Nxe7 11. Bxe6 fxe6 12. Re1 c5 13. Bc3 Nc6 14. Nd2 b6 15. a3 Rc8 16. b4 a5 17. b5 Na7 18. a4 Qd7 19. Nc4 Rb8 20. Qe2 Rf8 21. Rad1 Qc7 22. Bb2 Kf7 23. Ne3 Nc8 24. c4 Ne7 25. Ng4 Ng6 26. Nxf6 gxf6 27. Qh5 Kg7 28. Bc1 Rh8 29. Qg4 h5 30. Qxe6 Rbe8 31. Qf5 Qc8 32. Qxc8 Rxc8 33. Rf1 Rcf8 34. f4 Kh7 35. fxe5 dxe5 36. Rf2 Nh4 37. g3 Ng6 38. Rf5 Kg7 39. Rdf1 Ne7 40. R5f2 Rhg8 41. Kh2 Rf7 42. Be3 Rgf8 43. g4 1/2-1/2

[Event "AUT-ch U12 Girls Online Blitz"]
[Site "Playchess.com INT"]
[Date "2020.12.11"]
[Round "3"]
[White "Fabian, Julia"]
[Black "Giselbrecht, Leefke"]
[Result "0-1"]
[WhiteElo "1620"]
[BlackElo "1407"]
[PlyCount "68"]
[EventDate "2020.12.11"]
[EventType "swiss (blitz)"]
[EventRounds "7"]
[EventCountry "AUT"]
[SourceTitle "EXT 2022"]
[Source "ChessBase"]
[SourceDate "2021.10.06"]
[SourceVersion "1"]
[SourceVersionDate "2021.10.06"]
[SourceQuality "1"]

1. e4 d5 2. exd5 Qxd5 3. Nc3 Qd8 4. d4 Nf6 5. Nf3 Bf5 6. Bf4 e6 7. Bc4 Nc6 8. 0-0 Be7 9. Qd2 0-0 10. Rfe1 Qd7 11. Ne5 Nxe5 12. Bxe5 Bd6 13. Bxf6 gxf6 14. Re3 Kh8 15. Rae1 Bf4 16. Qe2 Bxe3 17. fxe3 Rg8 18. Rf1 Rad8 19. Nd1 Bg4 20. Qf2 Bf5 21. c3 Qc6 22. Bb3 Rg6 23. Bc2 Bxc2 24. Qxc2 Rdg8 25. Rf2 Qd5 26. c4 Qh5 27. Nc3 Qa5 28. b3 Qb4 29. e4 Qd6 30. e5 Qxd4 31. exf6 Qe5 32. Re2 Qxf6 33. Ne4 Qe5 34. Rf2 Qd4 0-1

[Event "Styrian op U08/12 26th"]
[Site "Mureck"]
[Date "2019.08.03"]
[Round "4"]
[White "Fabian, Julia"]
[Black "Rabitsch, David"]
[Result "0-1"]
[WhiteElo "1136"]
[BlackElo "1246"]
[PlyCount "76"]
[EventDate "2019.07.31"]
[EventType "swiss"]
[EventRounds "9"]
[EventCountry "AUT"]
[SourceTitle "EXT 2020"]
[Source "ChessBase"]
[SourceDate "2019.10.17"]
[SourceVersion "1"]
[SourceVersionDate "2019.10.17"]
[SourceQuality "1"]

1. e4 e5 2. Nf3 Nc6 3. Bc4 Bc5 4. c3 Nf6 5. d4 exd4 6. cxd4 Bb4+ 7. Bd2 Bxd2+ 8. Nbxd2 d5 9. exd5 Nxd5 10. 0-0 0-0 11. Re1 Be6 12. Rc1 Qf6 13. Ne4 Qg6 14. Nh4 Qh6 15. Nf3 Rfe8 16. Qd2 Qxd2 17. Nexd2 Nf4 18. Re4 Bxc4 19. Rxe8+ Rxe8 20. Rxc4 Rd8 21. h3 Ne2+ 22. Kh1 Nexd4 23. Nxd4 Rxd4 24. Rxd4 Nxd4 25. Kh2 Kf8 26. Kg3 Ke7 27. Kf4 Ke6 28. Ke4 Nc6 29. f4 f5+ 30. Ke3 h6 31. g4 g5 32. Nf3 Kf6 33. a3 Ne7 34. Ne1 Nd5+ 35. Kf2 Nxf4 36. Kg3 fxg4 37. Kxg4 h5+ 38. Kg3 Kf5 0-1

[Event "AUT-ch U12 Girls"]
[Site "St Veit"]
[Date "2019.06.09"]
[Round "4.3"]
[White "Fabian, Julia"]
[Black "Wielander, Magdalena"]
[Result "0-1"]
[WhiteElo "1166"]
[BlackElo "1018"]
[PlyCount "70"]
[EventDate "2019.06.08"]
[EventType "swiss"]
[EventRounds "7"]
[EventCountry "AUT"]
[SourceTitle "EXT 2024"]
[Source "ChessBase"]
[SourceDate "2023.10.10"]
[SourceVersion "1"]
[SourceVersionDate "2023.10.10"]
[SourceQuality "1"]

1. e4 e5 2. Nf3 Nc6 3. Bc4 Nf6 4. Ng5 d5 5. exd5 Na5 6. d3 Nxc4 7. dxc4 Bc5 8. Nc3 c6 9. Qe2 0-0 10. Nce4 Bb6 11. Be3 Bxe3 12. fxe3 Nxe4 13. Nxe4 cxd5 14. cxd5 Qxd5 15. Qd3 Qxd3 16. cxd3 Rd8 17. 0-0-0 Bf5 18. Rd2 Bxe4 19. dxe4 Rac8+ 20. Rc2 Kf8 21. Rd1 Rxd1+ 22. Kxd1 Rxc2 23. Kxc2 Ke7 24. Kd2 Kd6 25. Ke2 Kc5 26. Kf3 Kc4 27. h4 Kd3 28. g3 b5 29. h5 a5 30. a3 b4 31. a4 Kc2 32. Ke2 Kxb2 33. Kd2 Ka2 34. Kc2 b3+ 35. Kc1 b2+ 0-1

[Event "AUT-ch U12 Girls"]
[Site "St Kanzian"]
[Date "2018.05.21"]
[Round "6.6"]
[White "Fabian, Julia"]
[Black "Wielander, Magdalena"]
[Result "1/2-1/2"]
[WhiteElo "1177"]
[BlackElo "819"]
[PlyCount "60"]
[EventDate "2018.05.19"]
[EventType "swiss"]
[EventRounds "7"]
[EventCountry "AUT"]
[SourceTitle "EXT 2024"]
[Source "ChessBase"]
[SourceDate "2023.10.10"]
[SourceVersion "1"]
[SourceVersionDate "2023.10.10"]
[SourceQuality "1"]

1. e4 e5 2. Nf3 Nc6 3. Bc4 Nd4 4. Nxe5 Qg5 5. Ng4 Nxc2+ 6. Qxc2 Qxg4 7. Rg1 Nf6 8. Nc3 Bc5 9. h3 Qh4 10. Rf1 d6 11. Qd3 0-0 12. Qe2 Re8 13. d3 Bb4 14. Kd1 Bxc3 15. bxc3 d5 16. Bb5 Bd7 17. Bxd7 Nxd7 18. Re1 Nf6 19. e5 Nd7 20. d4 c5 21. f4 cxd4 22. cxd4 Nf6 23. Qb5 b6 24. Qb4 Ne4 25. Rb1 Rec8 26. Rb3 Nf2+ 27. Ke2 Rc4 28. Qb5 Rc2+ 29. Bd2 Rxa2 30. Qxd5 Rd8 1/2-1/2

[Event "AUT-ch U12 Girls"]
[Site "St Kanzian"]
[Date "2018.05.19"]
[Round "2.7"]
[White "Fabian, Julia"]
[Black "Angerer, Miriam"]
[Result "1-0"]
[WhiteElo "1177"]
[BlackElo "884"]
[PlyCount "41"]
[EventDate "2018.05.19"]
[EventType "swiss"]
[EventRounds "7"]
[EventCountry "AUT"]
[SourceTitle "EXT 2024"]
[Source "ChessBase"]
[SourceDate "2023.10.10"]
[SourceVersion "1"]
[SourceVersionDate "2023.10.10"]
[SourceQuality "1"]

1. e4 e5 2. Nf3 Nc6 3. Bc4 Nf6 4. Ng5 Qe7 5. Nxf7 Rg8 6. Ng5 d6 7. Bxg8 Nxg8 8. d3 Nf6 9. Nc3 h6 10. Nf3 Bg4 11. h3 Be6 12. Be3 0-0-0 13. Qd2 a6 14. 0-0-0 Nb4 15. a3 Kb8 16. axb4 c5 17. b5 axb5 18. Nxb5 Bd7 19. Qa5 Qe8 20. Qa7+ Kc8 21. Qa8# 1-0

[Event "AUT-ch U12 Girls"]
[Site "St Kanzian"]
[Date "2018.05.19"]
[Round "1.7"]
[White "Weiser, Carola"]
[Black "Fabian, Julia"]
[Result "1-0"]
[WhiteElo "853"]
[BlackElo "1177"]
[PlyCount "113"]
[EventDate "2018.05.19"]
[EventType "swiss"]
[EventRounds "7"]
[EventCountry "AUT"]
[SourceTitle "EXT 2024"]
[Source "ChessBase"]
[SourceDate "2023.10.10"]
[SourceVersion "1"]
[SourceVersionDate "2023.10.10"]
[SourceQuality "1"]

1. e4 e5 2. Nf3 Nc6 3. Nc3 Nf6 4. Bc4 Bc5 5. d3 d6 6. Bg5 h6 7. Be3 Bb6 8. h3 Be6 9. Bb3 0-0 10. 0-0 Re8 11. Qd2 Qd7 12. Ba4 Rad8 13. d4 d5 14. Nxe5 Qd6 15. Bf4 Qb4 16. Bxc6 Nxe4 17. Qc1 Rf8 18. Nxe4 dxe4 19. Bxe4 Bxd4 20. c3 Qc4 21. Bd3 Qc5 22. cxd4 Qxc1 23. Rfxc1 Rxd4 24. Be3 Rd5 25. Rd1 Rxe5 26. Bf4 Rc5 27. Rac1 Rd5 28. Bxc7 Rc8 29. Be4 Rxd1+ 30. Rxd1 f5 31. Bxb7 Rxc7 32. Bf3 Bxa2 33. Bh5 Rc6 34. Rd8+ Kh7 35. Be8 Rc1+ 36. Kh2 Rc2 37. Rd6 Rc8 38. Bd7 Rd8 39. Bxf5+ Kh8 40. Rxd8+ Bg8 41. b4 a6 42. Ra8 h5 43. Rxa6 Bf7 44. b5 g6 45. Bxg6 Bxg6 46. b6 Bd3 47. Ra7 Be4 48. f3 Bd5 49. f4 Kg8 50. b7 Bxb7 51. Rxb7 Kf8 52. f5 Ke8 53. f6 Kf8 54. g4 hxg4 55. hxg4 Ke8 56. f7+ Kf8 57. g5 1-0

[Event "AUT-ch U10 Girls"]
[Site "St Kanzian"]
[Date "2017.06.16"]
[Round "1.3"]
[White "Primus, Sarah"]
[Black "Fabian, Julia"]
[Result "0-1"]
[WhiteElo "1019"]
[BlackElo "813"]
[PlyCount "92"]
[EventDate "2017.06.16"]
[EventType "swiss"]
[EventRounds "7"]
[EventCountry "AUT"]
[SourceTitle "EXT 2024"]
[Source "ChessBase"]
[SourceDate "2023.10.10"]
[SourceVersion "1"]
[SourceVersionDate "2023.10.10"]
[SourceQuality "1"]

1. e4 e5 2. Nf3 Nc6 3. Bc4 Nf6 4. d3 Bb4+ 5. Bd2 Bxd2+ 6. Nbxd2 d6 7. Qe2 0-0 8. Nf1 Bg4 9. h3 Nd4 10. Qd2 Bxf3 11. c3 Bxg2 12. Rg1 Nf3+ 13. Kd1 Nxd2 14. Nxd2 Bxh3 15. Kc2 Be6 16. Rg2 Bxc4 17. Nxc4 h6 18. Rag1 g6 19. Rh1 Kh7 20. Rgh2 Ng4 21. Rh4 Qg5 22. Ne3 Nxf2 23. Rxh6+ Kg7 24. Rh7+ Kf6 25. Nd5+ Ke6 26. Nxc7+ Kd7 27. Nxa8 Qg2 28. R1h4 Qf1 29. Kb3 Qd1+ 30. Kc4 Qxd3+ 31. Kb3 Qb5+ 32. Kc2 Qa4+ 33. b3 Qxa2+ 34. Kc1 Qxb3 35. Kd2 Qd1+ 36. Ke3 Qe1+ 37. Kf3 Qg1 38. Rg7 Nd1 39. Rhh7 Qf2+ 40. Kg4 Ne3+ 41. Kg5 Qg2+ 42. Kf6 Qxe4 43. Rxf7+ Rxf7+ 44. Rxf7+ Ke8 45. Re7+ Kd8 46. Ke6 Qf5+ 0-1